000 00648nam a2200229Ia 4500
005 20241129120206.0
008 241129s9999||||xx |||||||||||||| ||und||
020 _a9781529742565
037 _aTB
040 _aSDCL
_beng
_cSDCL
041 _aeng
_2eng
084 _aB28, R2
_qSDCL
100 _aMehmetoglu Mehmet; Jakobsen Tor Georg
_9729385
245 0 _aApplied statistics using data: A guide for the social sciences
250 _a2nd
260 _aNew Delhi
_bSage
_c2022
300 _axiv,465p.
365 _aGBP
_b41.99
650 _aBusiness Economics and Finance
942 _cTB
_hB28, R2
999 _c1233739
_d1233739